| 000 | 00945nam a22001457a 4500 | ||
|---|---|---|---|
| 999 |
_c517374 _d517374 |
||
| 008 | 210712b ||||| |||| 00| 0 eng d | ||
| 100 |
_aDebnath, S., Choudhury, J. and Das S. _926559 |
||
| 245 | _aDeterminants of social exclusion: A study on the persons with disestablishes of Tripura in North East India of | ||
| 260 | _aIASSI Quarterly: Contributions to Indian Social Science 39(4), Oct-Dec, 2020: p.581-597 | ||
| 300 | _a39(4), Oct-Dec, 2020: p.581-597 | ||
| 520 | _a Persons with disabilities (PWDs) are among the most marginalized, impoverished section of society trapped in a vicious cycle of poverty, deprivation and social exclusion. Most of the PWDs are facing several barriers that limit their participation in mainstream societal activates, thereby leading adorer less secluded life. – Reproduced | ||
| 773 | _aIASSI Quarterly: Contributions to Indian Social Science | ||
| 906 | _aSOCIAL PROBLEMS - TRIPURA | ||
| 942 | _cAR | ||